000 01064nam a22003017i 4500
003 EG-GICUC
005 20260121101651.0
008 260106s1940 fr ||||fr||| 00|00 ffre d
040 _aEG-GiCUC
_cEG-GiCUC
_dEG-GiCUC
_eRda
082 0 4 _221
_a341.33
_bHA . J
092 0 4 _221
099 _aLaw1 11 341.33 HA . J 1940
100 1 _aHamonic, G.
_eAuteur
245 1 0 _aLa Juridiction Consulaire.
_nTome I,
_pTribunaux De Commerce Obligations Contrats Commerciaux /
_cG. Hamonic ; Preface De M. Piketty.
264 1 _aParis :
_bLibrairie générale de droit et de jurisprudence,
_c1940.
300 _a300 page ;
_c24 cm.
336 _2rda contenu
_a texte
337 _2rda medias
_aOrdinateur
338 _2 transporteur rda
_a Ressource en ligne
546 _aTexte en français
650 1 4 _aDiplomatie
_xDroit international public
650 1 4 _aContrats Commerciaux
650 1 4 _aTribunaux De Commerce
700 1 _aPiketty, M.
_ePréfacier
856 4 0 _uhttps://fll.law.cu.edu.eg/fulltext/bks/B11-06840.pdf
905 _a75
942 _2ddc
_cBK
_e21
_n0
999 _c54761
_d54761